Heat and mass Transfer Fundamentals and Applications /

Na minha lista:
Detalhes bibliográficos
Autor principal: Cengel, Yunus A (Author)
Formato: Livro
Idioma:Inglês antigo
Publicado em: New York McGraw-Hill Education 2015
Edição:4. vyd.
Tags: Adicionar Tag
Sem tags, seja o primeiro a adicionar uma tag!

MARC

LEADER 00000nam a22000003a 4500
001 0008536
003 SK-STU
005 20151103101648.3
007 ta
008 151103s ----xo-----e------000-0-----d
020 |a 978-981-4595-27-8 
040 |a STU  |b slo 
041 0 |a ang  |h ang 
100 1 |a Cengel, Yunus A  |4 aut 
245 1 0 |a Heat and mass Transfer  |b Fundamentals and Applications /  |c aut. Yunus A Cengel 
250 |a 4. vyd. 
260 |a New York  |b McGraw-Hill Education  |c 2015 
300 |a 944 s. 
996 |b 284J044463  |c J* 117745  |l JJST  |s P  |a 0  |w 0008536_0002 
996 |b 284J044464  |c J* 117746  |l JJST  |s P  |a 0  |w 0008536_0003